=LDR 00000nam 2200000 4500 =001 INLIS000000000001429 =005 20130612085832 =008 ***********************************Ind** =035 ##$$0010-061300000001429 =041 ##$$a Ind =082 ##$$a 819.2 =090 ##$$a 819.2, Mar-w =100 ##$$a MARZUKI, Surlina =245 ##$$a Wawacan Perbu Kean Santang, Surlina Marzuki, H.R. Suryana, Siti Marlia; Editor, Rosyadi =260 ##$$a 1992/1993 $b Jakarta =300 ##$$a viii, 218 hlm, 21 cm =650 ##$$a Kesusastraan - Sunda =850 ##$$a NBPNMAT